Quotable Mr. Kennedy. (Record no. 78667)

MARC details
000 -LEADER
fixed length control field 00375nam a2200145Ia 4500
008 - FIXED-LENGTH DATA ELEMENTS--GENERAL INFORMATION
fixed length control field 210210b1962 xxu||||| |||| 00| 0 eng d
082 ## - DEWEY DECIMAL CLASSIFICATION NUMBER
Classification number 082 GARQ
100 ## - MAIN ENTRY--PERSONAL NAME
Personal name GARDNER (Gerald C).
245 ## - TITLE STATEMENT
Title Quotable Mr. Kennedy.
260 ## - PUBLICATION, DISTRIBUTION, ETC.
Place of publication, distribution, etc. London.
Name of publisher, distributor, etc. Abelard Schuman.,
Date of publication, distribution, etc. 1962
300 ## - PHYSICAL DESCRIPTION
Extent 65
650 ## - SUBJECT ADDED ENTRY--TOPICAL TERM
Topical term or geographic name entry element Quotations John Kennedy<br/><br/>
690 ## - LOCAL SUBJECT ADDED ENTRY--TOPICAL TERM (OCLC, RLIN)
Topical term or geographic name as entry element General Collections
906 ## - LOCAL DATA ELEMENT F, LDF (RLIN)
a 027378
Holdings
Withdrawn status Lost status Damaged status Not for loan Collection code Home library Current library Shelving location Date acquired Cost, normal purchase price Total Checkouts Full call number Barcode Date last seen Price effective from Koha item type
          St Aloysius Library St Aloysius Library   02/17/2021 7.50   082 GARQ 027378 02/17/2021 02/17/2021 Book